| 000 -LEADER |
| fixed length control field |
01393cam a2200277 i 4500 |
| 001 - CONTROL NUMBER |
| control field |
21166862 |
| 008 - FIXED-LENGTH DATA ELEMENTS--GENERAL INFORMATION |
| fixed length control field |
190828s2020 paua b 001 0 eng |
| 010 ## - LIBRARY OF CONGRESS CONTROL NUMBER |
| LC control number |
2019949237 |
| 020 ## - INTERNATIONAL STANDARD BOOK NUMBER |
| International Standard Book Number |
9781437714173 |
| 020 ## - INTERNATIONAL STANDARD BOOK NUMBER |
| Canceled/invalid ISBN |
9781437714173 |
| Qualifying information |
(ebook) |
| 040 ## - CATALOGING SOURCE |
| Original cataloging agency |
DLC |
| Language of cataloging |
eng |
| Description conventions |
rda |
| Transcribing agency |
DLC |
| 050 00 - LIBRARY OF CONGRESS CALL NUMBER |
| Classification number |
RC691.6.U47 |
| Item number |
I57 2020 |
| 082 ## - DEWEY DECIMAL CLASSIFICATION NUMBER |
| Edition number |
23 |
| Classification number |
616.130 |
| 100 ## - MAIN ENTRY--PERSONAL NAME |
| Personal name |
Pellerito John S. |
| 245 00 - TITLE STATEMENT |
| Title |
Introduction to vascular ultrasonography / |
| Statement of responsibility, etc. |
John S. Pellerito, MD, FACR, FSRU, FAIUM, Professor of Radiology, Department of Radiology, Zucker School of Medicine at Hofstra/Northwell, Hempstead, New York, Vice Chairman, Department of Radiology, Nothwelll Health System, Manhasseet, New York, Joseph F. Polak, MD, MPH, FACR, FAIUM, Professor of Radiology, Department of Radiology, Tufts University School of Medicine, Director, Ultrasound Reading Center, Boston, Massachusetts, Chief of Radiology, Department of Radiology, Lemuel Shattuck Hospital, Jamaica Plain, Massachusetts. |
| 250 ## - EDITION STATEMENT |
| Edition statement |
6th edition. |
| 264 #1 - PRODUCTION, PUBLICATION, DISTRIBUTION, MANUFACTURE, AND COPYRIGHT NOTICE |
| Place of production, publication, distribution, manufacture |
Philadelphia, PA : |
| Name of producer, publisher, distributor, manufacturer |
Elsevier, |
| Date of production, publication, distribution, manufacture, or copyright notice |
[2012] |
| 300 ## - PHYSICAL DESCRIPTION |
| Extent |
xviii, 684 pages : |
| Other physical details |
illustrations (some color) ; |
| Dimensions |
27 cm |
| 336 ## - CONTENT TYPE |
| Content type term |
text |
| Content type code |
txt |
| Source |
rdacontent |
| 500 ## - GENERAL NOTE |
| General note |
Include index |
| 650 12 - SUBJECT ADDED ENTRY--TOPICAL TERM |
| Topical term or geographic name entry element |
Vascular Diseases |
| General subdivision |
ultrasonography. |
| 650 22 - SUBJECT ADDED ENTRY--TOPICAL TERM |
| Topical term or geographic name entry element |
Blood Vessels |
| General subdivision |
ultrasonography. |
| 700 1# - ADDED ENTRY--PERSONAL NAME |
| Personal name |
Pellerito, John S., |
| Relator term |
author. |
| 700 1# - ADDED ENTRY--PERSONAL NAME |
| Personal name |
Polak, Joseph F., |
| Relator term |
author. |
| 942 ## - ADDED ENTRY ELEMENTS (KOHA) |
| Source of classification or shelving scheme |
|
| Koha item type |
Books |